000 00843nac a22002897a 4500
001 BR0500656
003 BR-BrBNA
005 20240105123112.0
008 230509b bl.|||m| |||| 00| 0 por d
040 _aBR-BrBNA
_bpor
_cBiblioteca Nacional de Agricultura
072 _aE16
090 _a9702 BR0500656
110 1 _aConfederação da Agricultura e Pecuária do Brasil, Brasília, DF (Brasil)
_92548
245 1 _aReal valoriza e frigorífico reduz abates
260 3 _aBrasília, DF (Brasil):
_c2004.
300 _a4 p.
490 _aIndicadores Pecuários (Brazil)
_vv.3(20)
_x
500 _a7 illus.
650 _aGADO DE CORTE
650 _aCARNE
650 _aPESO
650 _aPREÇO
650 _aCUSTO DE PRODUÇÃO
650 _aINSUMO
909 _a202312
_bLúcia Elande
_c55
_dLúcia Elande
942 _2AGRIS
_n0
_cMS
999 _c293998
_d293998